MARC details
| 000 -CABECERA |
| campo de control de longitud fija |
01052nam a2200241 a 4500 |
| 005 - FECHA Y HORA DE LA ÚLTIMA TRANSACCIÓN |
| campo de control |
20240920063922.0 |
| 008 - ELEMENTOS DE LONGITUD FIJA--INFORMACIÓN GENERAL |
| campo de control de longitud fija |
020225s1999 mx r 000 0 spa d |
| 035 ## - NÚMERO DE CONTROL DEL SISTEMA |
| Número de control de sistema |
UPN01000116417 |
| 049 ## - COLECCIÓN |
| Colección |
CE |
| 050 #4 - SIGNATURA TOPOGRÁFICA DE LA BIBLIOTECA DEL CONGRESO |
| Número de clasificación |
LC5219 E3 |
| Número de documento/Ítem |
L5.5 |
| 100 1# - ASIENTO PRINCIPAL--NOMBRE PERSONAL |
| Nombre de persona |
Limón Segovia, Araceli |
| 9 (RLIN) |
29019 |
| 245 10 - MENCIÓN DE TÍTULO |
| Título |
Matemáticas para empezar / |
| Mención de responsabilidad, etc. |
Araceli Limón Segovia, Ma. Eugenia Ramírez Rojano, Ana Luisa Campa Díaz de León. |
| 260 ## - PUBLICACIÓN, DISTRIBUCIÓN, ETC. |
| Lugar de publicación, distribución, etc. |
México : |
| Nombre del editor, distribuidor, etc. |
INEA, |
| Fecha de publicación, distribución, etc. |
1999. |
| 300 ## - DESCRIPCIÓN FÍSICA |
| Extensión |
1 paquete (7 piezas) |
| Otras características físicas |
il. col. |
| 440 #0 - MENCIÓN DE SERIE/ASIENTO SECUNDARIO--TÍTULO |
| Título |
Educación para la vida. |
| Nombre de parte o sección de la obra |
Matemáticas |
| 505 8# - NOTA DE CONTENIDO CON FORMATO PREESTABLECIDO |
| Nota de contenido con formato |
Contenido: |
| Título |
Libro del adulto 1 -- |
| -- |
Libro del adulto 2 -- |
| -- |
Libro del adulto 3 -- |
| -- |
Fichas del adulto -- |
| -- |
Guía del asesor pliego 2 -- |
| -- |
Guía y fichas del asesor -- |
| -- |
Geoplano |
| 650 #4 - ASIENTO SECUNDARIO DE MATERIA - TERMINO TEMATICO |
| Término de materia o nombre geográfico como elemento de entrada |
Matemáticas |
| Subdivisión general |
Estudio y enseñanza (Elemental) |
| 9 (RLIN) |
2809 |
| 650 #4 - ASIENTO SECUNDARIO DE MATERIA - TERMINO TEMATICO |
| Término de materia o nombre geográfico como elemento de entrada |
Matemáticas |
| Subdivisión de forma |
Problemas, ejercicios, etc. |
| 9 (RLIN) |
3580 |
| 650 #4 - ASIENTO SECUNDARIO DE MATERIA - TERMINO TEMATICO |
| Término de materia o nombre geográfico como elemento de entrada |
Educación de adultos |
| 9 (RLIN) |
956 |
| 700 1# - ASIENTO SECUNDARIO--NOMBRE DE PERSONAL |
| Nombre de persona |
Ramírez Rojano, María Eugenia, |
| Término indicativo de función/relación |
coaut. |
| 9 (RLIN) |
29910 |
| 700 1# - ASIENTO SECUNDARIO--NOMBRE DE PERSONAL |
| Nombre de persona |
Campa Díaz de León, Ana Luisa, |
| Término indicativo de función/relación |
coaut. |
| 9 (RLIN) |
28631 |
| 905 ## - TIPO DE MATERIAL |
| Tipo de material |
Libro |